Geography Quiz

Random Geography or City Quiz

U.S. Metro Nicknames Quiz Stats

Quiz not verified by Sporcle

Challenge
Share
Tweet
Embed
Score 0/30 Timer 10:00
0 Plays Today
Metro Nickname Primary City % Correct
Twin CitiesMinneapolis-St. Paul
92.1%
Bay AreaSan Francisco
91.8%
Central FloridaOrlando
84.4%
Central OhioColumbus
82%
Tri-State AreaNew York City
81%
OKC MetroOklahoma City
80.1%
Niagara FrontierBuffalo
79.9%
Central TexasAustin
78.7%
The BeltwayWashington
78.3%
Puget SoundSeattle
76.2%
Valley of the SunPhoenix
71%
KentuckianaLouisville
70.6%
Delaware ValleyPhiladelphia
69.5%
Silicon ValleySan Jose
68.5%
Three Rivers RegionPittsburgh
66.5%
Metro Nickname Primary City % Correct
Research TriangleRaleigh-Durham
48.1%
The MetroplexDallas-Fort Worth
44.7%
Hampton RoadsVirginia Beach-Norfolk-Newport News
44.6%
Clark CountyLas Vegas
42.9%
Inland EmpireRiverside-San Bernardino
41.1%
Front RangeDenver
40.2%
MetrolinaCharlotte
39.6%
Gold CoastMiami
38%
The Mid-SouthMemphis
34.7%
The SouthlandLos Angeles
32%
Wasatch FrontSalt Lake City
26%
The TristateCincinnati
19.4%
The North CoastCleveland
17.2%
First CoastJacksonville
16.6%
Nine-County RegionIndianapolis
10.3%

You're not logged in!

Compare scores with friends on all Sporcle quizzes.
Join for Free
OR
Log In

You Might Also Like...

Show Comments

Extras

Top Quizzes Today


Score Distribution

Your Account Isn't Verified!

In order to create a playlist on Sporcle, you need to verify the email address you used during registration. Go to your Sporcle Settings to finish the process.

Report this User

Report this user for behavior that violates our Community Guidelines.

Details: